Máximos asistentes del Real Madrid (2010 - 2025) - Estadísticas

Estadísticas generales
  • Esta prueba ha sido intentada 152 veces
  • La puntuación promedio es 20 de 25
Estadísticas de respuestas
Asistencias Jugador % Correcto
131 Cristiano Ronaldo
100%
158 Karim Benzema
100%
95 Luka Modric
99%
68 Gareth Bale
97%
99 Toni Kroos
97%
86 Vinícius Jr.
96%
95 Marcelo
95%
29 Casemiro
92%
65 Dani Carvajal
92%
28 Sergio Ramos
91%
51 Rodrygo
90%
58 Isco
85%
85 Ángel Di María
80%
80 Mesut Özil
80%
32 Marco Asensio
76%
42 James Rodríguez
74%
31 Federico Valverde
70%
28 Jude Bellingham
70%
73 Lucas Vázquez
67%
20 Pepe
66%
31 Xabi Alonso
66%
36 Gonzalo Higuaín
62%
39 Kaká
53%
20 Brahim Díaz
50%
16 Dani Ceballos
38%
No se encontraron pruebas coincidentes
Distribución de puntuación
Porcentaje de gente con cada puntuación
Porcentaje por número respondido
Historial de tus puntuaciones
No has intentado esta prueba.